Satya nilayam : (Record no. 25051)
[ view plain ]
| 000 -LEADER | |
|---|---|
| fixed length control field | 01453nam a22003857a 4500 |
| 001 - CONTROL NUMBER | |
| control field | 12817562 |
| 005 - DATE AND TIME OF LATEST TRANSACTION | |
| control field | 20090312120130.0 |
| 008 - FIXED-LENGTH DATA ELEMENTS--GENERAL INFORMATION | |
| fixed length control field | 020613c20029999ii fr p 0 0eng |
| 010 ## - LIBRARY OF CONGRESS CONTROL NUMBER | |
| LC control number | 2001436560 |
| 022 ## - INTERNATIONAL STANDARD SERIAL NUMBER | |
| International Standard Serial Number | 0972-5016 |
| 025 ## - OVERSEAS ACQUISITION NUMBER | |
| Overseas acquisition number | I-E-E-2001-436560; 05 |
| 035 ## - SYSTEM CONTROL NUMBER | |
| System control number | (OCoLC)ocm49983468 |
| 037 ## - SOURCE OF ACQUISITION | |
| Source of stock number/acquisition | Editor, Satya Nilayam Chennai Journal, 201, Kalki Krishnamurthy Rd., P.B. 8665, Thiruvanmiyur, Chennai 600041, India |
| 040 ## - CATALOGING SOURCE | |
| Original cataloging agency | DLC |
| Transcribing agency | DLC |
| Modifying agency | OCoLC |
| 042 ## - AUTHENTICATION CODE | |
| Authentication code | lc |
| 050 ## - LIBRARY OF CONGRESS CALL NUMBER | |
| Classification number | B59 |
| Item number | .S28 |
| 245 ## - TITLE STATEMENT | |
| Title | Satya nilayam : |
| Remainder of title | Chennai journal of intercultural philosophy. |
| 246 ## - VARYING FORM OF TITLE | |
| Title proper/short title | Satya nilayam Chennai journal of intercultural philosophy |
| 246 ## - VARYING FORM OF TITLE | |
| Title proper/short title | SNC journal of intercultural philosophy |
| 246 ## - VARYING FORM OF TITLE | |
| Title proper/short title | Chennai journal of intercultural philosophy |
| 260 ## - PUBLICATION, DISTRIBUTION, ETC. (IMPRINT) | |
| Place of publication, distribution, etc | Chennai : |
| Name of publisher, distributor, etc | Satya Nilayam Publications, |
| Date of publication, distribution, etc | 2002- |
| 300 ## - PHYSICAL DESCRIPTION | |
| Extent | v. ; |
| Dimensions | 22 cm. |
| 310 ## - CURRENT PUBLICATION FREQUENCY | |
| Current publication frequency | Semiannual |
| 362 ## - DATES OF PUBLICATION AND/OR SEQUENTIAL DESIGNATION | |
| Dates of publication and/or sequential designation | Vol. 1 (Feb. 2002)- |
| 500 ## - GENERAL NOTE | |
| General note | Title from cover. |
| 546 ## - LANGUAGE NOTE | |
| Language note | In English. |
| 650 ## - SUBJECT ADDED ENTRY--TOPICAL TERM | |
| Topical term or geographic name as entry element | Philosophy, Comparative |
| Form subdivision | Periodicals. |
| 650 ## - SUBJECT ADDED ENTRY--TOPICAL TERM | |
| Topical term or geographic name as entry element | Philosophy and civilization |
| Form subdivision | Periodicals. |
| 270 ## - ADDRESS | |
| Address | 201, Lattice Bridge Road, Thiruvanmiyur |
| City | Chennai |
| Postal code | 600041 |
| Electronic mail address | snc_journal@hotmail.com |
| 906 ## - LOCAL DATA ELEMENT F, LDF (RLIN) | |
| a | 7 |
| b | cbc |
| c | serials |
| d | 2 |
| e | ncip |
| f | 20 |
| g | n-oclcserc |
| 942 ## - ADDED ENTRY ELEMENTS (KOHA) | |
| Source of classification or shelving scheme | Dewey Decimal Classification |
| Item type | Periodicals |
| Serial record | 1 |
| Withdrawn status | Lost status | Source of classification or shelving scheme | Damaged status | Not for loan | Collection code | Home library | Current library | Date acquired | Total Checkouts | Date last seen | Price effective from | Koha item type |
|---|---|---|---|---|---|---|---|---|---|---|---|---|
| Dewey Decimal Classification | Not For Loan | Non-fiction | D.B.Act.Division | D.B.Act.Division | 12/03/2009 | 12/03/2009 | 12/03/2009 | Periodicals |
